LEADER 03981nam 22006255 450 001 9911021963703321 005 20250826124737.0 010 $a9783031936500$b(electronic bk.) 010 $z9783031936494 024 7 $a10.1007/978-3-031-93650-0 035 $a(MiAaPQ)EBC32272997 035 $a(Au-PeEL)EBL32272997 035 $a(CKB)40426784200041 035 $a(DE-He213)978-3-031-93650-0 035 $a(OCoLC)1534810457 035 $a(EXLCZ)9940426784200041 100 $a20250826d2025 u| 0 101 0 $aeng 135 $aurcnu|||||||| 181 $ctxt$2rdacontent 182 $cc$2rdamedia 183 $acr$2rdacarrier 200 10$aArchbishops and Cathedral Chapters of the Colonial Philippines $eReinvigorating the Diocesan Church, 1653-1697 /$fby Alexandre Coello de la Rosa 205 $a1st ed. 2025. 210 1$aCham :$cSpringer Nature Switzerland :$cImprint: Palgrave Macmillan,$d2025. 215 $a1 online resource (306 pages) 225 1 $aHistory Series 311 08$aPrint version: Coello de la Rosa, Alexandre Archbishops and Cathedral Chapters of the Colonial Philippines Cham : Palgrave Macmillan,c2025 9783031936494 327 $aChapter 1: Introduction -- PART 1 -- Chapter 2: The Rise of the Hijos de la Tierra -- Chapter 3: The Archbishop?s Nemesis -- PART 2 -- Chapter 4: Challenging the Royal Patronage -- Chapter 5: Fighting to the Death -- Chapter 6: A Trojan Horse. 330 $a?This book constitutes a fundamental contribution to the history of the ecclesiastical Chapter of Manila in the second half of the seventeenth century. Its study, based on a microhistorical starting point, contributes not only to an understanding of its internal evolution but also to the ambivalent ramifications of the Royal Patronage through the episcopates of the archbishops of Manila, Miguel Poblete and Felipe Pardo.? ? Roberto Blanco Andrés, PhD, author of San Francisco de San Miguel: Fraile, Embajador y Mártir en Japón This volume analyzes the religious history of the early modern Philippines. It examines the unstable authority of its archbishops and the preeminence of the Manila cathedral chapters in the second half of the seventeenth century. In particular, it considers these phenomena during the various convoluted periods of vacant sees, paying special attention to the dynamics of promotions within these collegiate bodies. Alexandre Coello de la Rosa is Professor of Latin American History and the Philippines at the Department of Humanities of the Universitat Pompeu Fabra, Spain. His main lines of research deal with historical anthropology, chronicles of the Indies, and early modern Spanish colonialism, especially focused on ecclesiastical history of the Marianas and the Philippines. He has been a visiting professor at the Universidade Federal do Grande Dourados (UFGD, Brazil), the Universidad Nacional Autónoma de México (UNAM, Mexico) and the Instituto Francés de Estudios Andinos (IFEA, Peru). From 2020 to 2024, he was a researcher at Catalan Institution for Research and Advanced Studies (ICREA), Spain. 410 0$aHistory Series 606 $aSoutheast Asia$xHistory 606 $aImperialism 606 $aReligion$xHistory 606 $aCatholic Church 606 $aHistory of Southeast Asia 606 $aImperialism and Colonialism 606 $aHistory of Religion 606 $aCatholicism 615 0$aSoutheast Asia$xHistory. 615 0$aImperialism. 615 0$aReligion$xHistory. 615 0$aCatholic Church. 615 14$aHistory of Southeast Asia. 615 24$aImperialism and Colonialism. 615 24$aHistory of Religion. 615 24$aCatholicism. 676 $a282.59909032 700 $aCoello de la Rosa$b Alexandre$01220672 801 0$bMiAaPQ 801 1$bMiAaPQ 801 2$bMiAaPQ 912 $a9911021963703321 996 $aArchbishops and Cathedral Chapters of the Colonial Philippines$94429517 997 $aUNINA